[Event "HUN-chT2 Szechenyi 1718"]
[Site "Hungary"]
[Date "2018.03.04"]
[Round "7.10"]
[White "Kaufmann, Attila"]
[Black "Preisz, Balazs"]
[Result "1-0"]
[WhiteElo "1958"]
[BlackElo "1954"]
[PlyCount "61"]
[EventDate "2017.10.29"]
[EventType "team-tourn"]
[EventRounds "9"]
[EventCountry "HUN"]
[SourceTitle "EXT 2021"]
[Source "ChessBase"]
[SourceDate "2020.10.23"]
[SourceVersion "1"]
[SourceVersionDate "2020.10.23"]
[SourceQuality "1"]
[WhiteTeam "Ajka Banyasz"]
[BlackTeam "Csuti Baki Agrocentrum"]
[WhiteTeamCountry "HUN"]
[BlackTeamCountry "HUN"]

1. d4 Nf6 2. Nf3 e6 3. c4 b6 4. Nc3 Bb7 5. e3 Be7 6. Bd3 0-0 7. 0-0 d5 8. cxd5 exd5 9. b3 Nbd7 10. Bb2 c5 11. Qe2 Re8 12. Rfd1 cxd4 13. Nxd4 a6 14. Rac1 Ne5 15. Bf5 g6 16. Bh3 Bc5 17. Na4 Bd6 18. Qc2 Neg4 19. g3 Rc8 20. Qe2 Rxc1 21. Rxc1 h5 22. Nc6 Bxc6 23. Rxc6 d4 24. Bxd4 Bxg3 25. Bxf6 Bxh2+ 26. Kh1 Nxf6 27. Kxh2 Nd5 28. Qf3 Qb8+ 29. Qg3 Qb7 30. Qd6 Ne7 31. Rc7 1-0

[Event "HUN-chT2 Szechenyi 1718"]
[Site "Hungary"]
[Date "2017.11.26"]
[Round "2.8"]
[White "Bors, Sandor"]
[Black "Preisz, Balazs"]
[Result "1/2-1/2"]
[WhiteElo "2132"]
[BlackElo "1954"]
[PlyCount "29"]
[EventDate "2017.10.29"]
[EventType "team-tourn"]
[EventRounds "9"]
[EventCountry "HUN"]
[SourceTitle "EXT 2021"]
[Source "ChessBase"]
[SourceDate "2020.10.23"]
[SourceVersion "1"]
[SourceVersionDate "2020.10.23"]
[SourceQuality "1"]
[WhiteTeam "Gyor Elektromos"]
[BlackTeam "Csuti Baki Agrocentrum"]
[WhiteTeamCountry "HUN"]
[BlackTeamCountry "HUN"]

1. e4 c5 2. Nf3 Nc6 3. d4 cxd4 4. Nxd4 Nf6 5. Nc3 e5 6. Nb3 d6 7. Be2 Be7 8. 0-0 0-0 9. Be3 Be6 10. Kh1 d5 11. exd5 Nxd5 12. Nxd5 Bxd5 13. c3 b6 14. Qc2 Qc7 15. Rad1 1/2-1/2

[Event "HUN-chT2 Szechenyi 1617"]
[Site "Hungary"]
[Date "2016.10.30"]
[Round "3.6"]
[White "Preisz, Balazs"]
[Black "Szokolszky, Miklos"]
[Result "1/2-1/2"]
[WhiteElo "1949"]
[BlackElo "1943"]
[PlyCount "31"]
[EventDate "2016.09.25"]
[EventType "team-tourn"]
[EventRounds "11"]
[EventCountry "HUN"]
[SourceTitle "EXT 2021"]
[Source "ChessBase"]
[SourceDate "2020.10.23"]
[SourceVersion "1"]
[SourceVersionDate "2020.10.23"]
[SourceQuality "1"]
[WhiteTeam "Csuti Baki Agrocentrum"]
[BlackTeam "Sarvar"]
[WhiteTeamCountry "HUN"]
[BlackTeamCountry "HUN"]

1. e4 e6 2. Nf3 d5 3. exd5 exd5 4. Be2 Bd6 5. d3 Ne7 6. 0-0 0-0 7. Nc3 c6 8. d4 Qc7 9. h3 Be6 10. Bd3 h6 11. Re1 Nd7 12. Bd2 Bf4 13. Bxf4 Qxf4 14. Ne2 Qf6 15. Ng3 g6 16. c3 1/2-1/2

[Event "HUN-chT2 Szechenyi 1415"]
[Site "Hungary"]
[Date "2015.02.08"]
[Round "8.7"]
[White "Sashalmi, Adam"]
[Black "Preisz, Balazs"]
[Result "1-0"]
[WhiteElo "1786"]
[BlackElo "2020"]
[PlyCount "75"]
[EventDate "2014.09.07"]
[EventType "team-tourn"]
[EventRounds "11"]
[EventCountry "HUN"]
[SourceTitle "EXT 2016"]
[Source "ChessBase"]
[SourceDate "2015.10.08"]
[SourceVersion "1"]
[SourceVersionDate "2015.10.08"]
[SourceQuality "1"]
[WhiteTeam "Papa"]
[BlackTeam "Csuti"]
[WhiteTeamCountry "HUN"]
[BlackTeamCountry "HUN"]

1. e4 c5 2. Nf3 Nc6 3. d4 cxd4 4. Nxd4 Nf6 5. Nc3 e5 6. Nf5 d5 7. exd5 Bxf5 8. dxc6 Qxd1+ 9. Nxd1 bxc6 10. Ne3 Be4 11. Bd2 Bc5 12. 0-0-0 Bd4 13. f3 Bg6 14. Nc4 0-0 15. c3 Bc5 16. Nxe5 Bf5 17. Bc4 Nd5 18. Rhe1 Rfe8 19. Bb3 Rac8 20. g4 Be6 21. Nxc6 Rxc6 22. Bxd5 Rb6 23. Bf4 Rc8 24. Bxe6 fxe6 25. Be3 Bxe3+ 26. Rxe3 Rcb8 27. Re2 a5 28. Rd7 Kf8 29. Ra7 Rb5 30. a4 Rd5 31. Rxe6 Rbd8 32. Re2 Rd1+ 33. Kc2 Rf1 34. Rxa5 Rxf3 35. Rf5+ Rxf5 36. gxf5 Rd5 37. Rf2 Ke7 38. b4 1-0

[Event "HUN-chT2 Szechenyi 1415"]
[Site "Hungary"]
[Date "2014.11.16"]
[Round "4.8"]
[White "Preisz, Balazs"]
[Black "Borhy, Marcell Boldizsar"]
[Result "1-0"]
[WhiteElo "2020"]
[BlackElo "1571"]
[PlyCount "111"]
[EventDate "2014.09.07"]
[EventType "team-tourn"]
[EventRounds "11"]
[EventCountry "HUN"]
[SourceTitle "EXT 2016"]
[Source "ChessBase"]
[SourceDate "2015.10.08"]
[SourceVersion "1"]
[SourceVersionDate "2015.10.08"]
[SourceQuality "1"]
[WhiteTeam "Csuti"]
[BlackTeam "Arboretum"]
[WhiteTeamCountry "HUN"]
[BlackTeamCountry "HUN"]

1. e4 c5 2. Nf3 d6 3. d4 cxd4 4. Nxd4 Nf6 5. Nc3 g6 6. Be2 Bg7 7. 0-0 0-0 8. Be3 Nc6 9. h3 Bd7 10. Nf3 Rc8 11. Qd2 Qc7 12. Bh6 Rfd8 13. Bxg7 Kxg7 14. Rad1 Na5 15. Qd4 Nc4 16. Nd5 e5 17. Nxc7 exd4 18. Bxc4 Rxc7 19. Rxd4 Bc6 20. e5 Ne4 21. exd6 Rxd6 22. Rxd6 Nxd6 23. Bd3 Bxf3 24. gxf3 Nc4 25. Bxc4 Rxc4 26. c3 Kf6 27. Rd1 Ke7 28. Kg2 h6 29. Re1+ Kd6 30. Re4 Rc7 31. f4 b5 32. Kf3 a6 33. f5 g5 34. Kg4 Kd5 35. f3 Rc6 36. Re7 Rf6 37. f4 gxf4 38. Kxf4 Kd6 39. Ra7 Kd5 40. Rd7+ Kc6 41. Ke5 Rxf5+ 42. Kxf5 Kxd7 43. Kf6 Ke8 44. h4 h5 45. b3 a5 46. Kg5 Ke7 47. Kxh5 Kf6 48. Kg4 Ke5 49. Kf3 Kf5 50. c4 bxc4 51. bxc4 a4 52. c5 f6 53. c6 Ke6 54. h5 Kd6 55. h6 Kxc6 56. h7 1-0

[Event "HUN-chT2 Szechenyi 1415"]
[Site "Hungary"]
[Date "2014.10.12"]
[Round "3.6"]
[White "Szukics, Adam"]
[Black "Preisz, Balazs"]
[Result "1-0"]
[WhiteElo "1955"]
[BlackElo "2020"]
[PlyCount "83"]
[EventDate "2014.09.07"]
[EventType "team-tourn"]
[EventRounds "11"]
[EventCountry "HUN"]
[SourceTitle "EXT 2016"]
[Source "ChessBase"]
[SourceDate "2015.10.08"]
[SourceVersion "1"]
[SourceVersionDate "2015.10.08"]
[SourceQuality "1"]
[WhiteTeam "HVSE Infraplan"]
[BlackTeam "Csuti"]
[WhiteTeamCountry "HUN"]
[BlackTeamCountry "HUN"]

1. e4 c5 2. Nf3 Nc6 3. d4 cxd4 4. Nxd4 Nf6 5. Nc3 e5 6. Ndb5 d6 7. Bg5 a6 8. Na3 b5 9. Nd5 Be7 10. Bxf6 Bxf6 11. c3 0-0 12. Nc2 Bg5 13. a4 bxa4 14. Rxa4 Ne7 15. Nce3 Bxe3 16. Nxe3 Bb7 17. Bd3 Bc6 18. Ra3 Qc7 19. 0-0 Qb7 20. Qc2 h6 21. Nc4 Qc7 22. Rfa1 d5 23. Ne3 dxe4 24. Bxe4 Bxe4 25. Qxe4 Qb6 26. b4 Ng6 27. Nd5 Qd6 28. h3 Rfd8 29. Ne3 Qd3 30. Qxd3 Rxd3 31. b5 a5 32. Nc4 Rc8 33. Nxa5 Rdxc3 34. Rxc3 Rxc3 35. b6 Rc8 36. b7 Rb8 37. Rc1 Ne7 38. Rc7 Kf8 39. Rxe7 Kxe7 40. Nc6+ Kd7 41. Nxb8+ Kc7 42. Nd7 1-0

[Event "HUN-chT2 Szechenyi 1213"]
[Site "Hungary"]
[Date "2013.03.24"]
[Round "9.3"]
[White "Csaba, Arpad Jr"]
[Black "Preisz, Balazs"]
[Result "1/2-1/2"]
[WhiteElo "2118"]
[BlackElo "2046"]
[PlyCount "26"]
[EventDate "2012.09.16"]
[EventType "team-tourn"]
[EventRounds "11"]
[EventCountry "HUN"]
[SourceTitle "EXT 2014"]
[Source "ChessBase"]
[SourceDate "2013.11.20"]
[SourceVersion "1"]
[SourceVersionDate "2013.11.20"]
[SourceQuality "1"]
[WhiteTeam "Ajka Banyasz"]
[BlackTeam "Zalaegerszeg Bagi"]
[WhiteTeamCountry "HUN"]
[BlackTeamCountry "HUN"]

1. b3 Nf6 2. Bb2 e6 3. e3 d5 4. f4 Be7 5. Nf3 0-0 6. Be2 c5 7. 0-0 Nc6 8. Ne5 Nxe5 9. fxe5 Nd7 10. Bd3 f6 11. Qh5 f5 12. c4 g6 13. Qf3 Nb6 1/2-1/2

[Event "HUN-chT2 Szechenyi 1112"]
[Site "Hungary"]
[Date "2011.10.30"]
[Round "2.9"]
[White "Preisz, Balazs"]
[Black "Horvath, Imre2222"]
[Result "1/2-1/2"]
[WhiteElo "2051"]
[BlackElo "1923"]
[PlyCount "79"]
[EventDate "2011.09.25"]
[EventType "team-tourn"]
[EventRounds "11"]
[EventCountry "HUN"]
[SourceTitle "EXT 2013"]
[Source "ChessBase"]
[SourceDate "2012.11.22"]
[SourceVersion "1"]
[SourceVersionDate "2012.11.22"]
[SourceQuality "1"]
[WhiteTeam "Zalaegerszeg"]
[BlackTeam "Alsoszolnok"]
[WhiteTeamCountry "HUN"]
[BlackTeamCountry "HUN"]

1. e4 g6 2. d4 d6 3. Nf3 Bg7 4. Be2 Nf6 5. Nc3 0-0 6. 0-0 Re8 7. h3 Nbd7 8. Be3 c6 9. Qd2 b5 10. a3 a6 11. Rad1 Bb7 12. Nh2 c5 13. f3 Qc7 14. d5 Rac8 15. Bd3 Nh5 16. g4 Nhf6 17. Bh6 Ne5 18. Bxg7 Kxg7 19. Rc1 b4 20. axb4 cxb4 21. Ne2 Qb6+ 22. Kg2 a5 23. g5 Nfd7 24. f4 Nc4 25. Bxc4 Rxc4 26. Ng3 Ba6 27. Rf2 Rec8 28. Ng4 a4 29. f5 Qd4 30. Qxd4+ Rxd4 31. fxg6 hxg6 32. Ne3 Kg8 33. c3 bxc3 34. bxc3 Rd3 35. Nd1 a3 36. Ra2 Nc5 37. Rxa3 Rd2+ 38. Kg1 Rd3 39. Kg2 Rd2+ 40. Kg1 1/2-1/2

[Event "HUN-chT2 Szechenyi 0910"]
[Site "Hungary"]
[Date "2010.01.17"]
[Round "4.5"]
[White "Preisz, Balazs"]
[Black "Horvath, Gabor1111"]
[Result "0-1"]
[WhiteElo "2076"]
[BlackElo "2084"]
[PlyCount "52"]
[EventDate "2009.11.08"]
[EventType "team-tourn"]
[EventRounds "11"]
[EventCountry "HUN"]
[SourceTitle "EXT 2011"]
[Source "ChessBase"]
[SourceDate "2010.11.26"]
[SourceVersion "1"]
[SourceVersionDate "2010.11.26"]
[SourceQuality "1"]
[WhiteTeam "Baki Agrocentrum"]
[BlackTeam "FKMK"]
[WhiteTeamCountry "HUN"]
[BlackTeamCountry "HUN"]

1. e4 e5 2. Nf3 Nf6 3. Nc3 Bb4 4. Bc4 Nc6 5. 0-0 d6 6. d4 Bg4 7. d5 Nd4 8. Be3 Bxc3 9. bxc3 Nxf3+ 10. gxf3 Bd7 11. Bd3 Nh5 12. f4 Nxf4 13. Bxf4 exf4 14. Qf3 Qg5+ 15. Qg2 Qe5 16. c4 b6 17. Be2 h5 18. h4 Rh6 19. Kh1 Rg6 20. Qh2 Bg4 21. f3 Bd7 22. Rg1 Rg3 23. Rxg3 fxg3 24. Qg1 Qf4 25. Qg2 Qxh4+ 26. Kg1 Qf4 0-1

[Event "HUN-chT2 Szechenyi 0910"]
[Site "Hungary"]
[Date "2009.11.22"]
[Round "2.8"]
[White "Preisz, Balazs"]
[Black "Lejer, Sandor"]
[Result "0-1"]
[WhiteElo "2076"]
[BlackElo "1999"]
[PlyCount "60"]
[EventDate "2009.11.08"]
[EventType "team-tourn"]
[EventRounds "11"]
[EventCountry "HUN"]
[SourceTitle "EXT 2011"]
[Source "ChessBase"]
[SourceDate "2010.11.26"]
[SourceVersion "1"]
[SourceVersionDate "2010.11.26"]
[SourceQuality "1"]
[WhiteTeam "Baki Agrocentrum"]
[BlackTeam "Lovo"]
[WhiteTeamCountry "HUN"]
[BlackTeamCountry "HUN"]

1. e4 d6 2. d4 Nf6 3. Nc3 c6 4. h3 Qc7 5. Nf3 e5 6. Be2 Be7 7. 0-0 0-0 8. Be3 Nbd7 9. dxe5 dxe5 10. Nd2 h6 11. Bc4 b5 12. Bd3 Bc5 13. Bxc5 Nxc5 14. Nb3 Ne6 15. Qf3 a6 16. Nd2 Bb7 17. Ne2 Rad8 18. Rad1 Rd7 19. Qe3 c5 20. Ng3 Rfd8 21. Be2 Nf4 22. Nf3 c4 23. Rxd7 Rxd7 24. Nh2 Qd8 25. Ng4 Nxe2+ 26. Qxe2 Nxg4 27. Qxg4 Rd2 28. Nf5 Qf6 29. Ne3 Qf4 30. Rd1 Qxf2+ 0-1

[Event "HUN-chT2 Szechenyi 0910"]
[Site "Hungary"]
[Date "2009.11.08"]
[Round "1.4"]
[White "Horvath, Adam2222"]
[Black "Preisz, Balazs"]
[Result "0-1"]
[WhiteElo "2035"]
[BlackElo "2076"]
[PlyCount "63"]
[EventDate "2009.11.08"]
[EventType "team-tourn"]
[EventRounds "11"]
[EventCountry "HUN"]
[SourceTitle "EXT 2011"]
[Source "ChessBase"]
[SourceDate "2010.11.26"]
[SourceVersion "1"]
[SourceVersionDate "2010.11.26"]
[SourceQuality "1"]
[WhiteTeam "Tapolca Szeremley"]
[BlackTeam "Baki Agrocentrum"]
[WhiteTeamCountry "HUN"]
[BlackTeamCountry "HUN"]

1. e4 c5 2. Nf3 Nc6 3. d4 cxd4 4. Nxd4 Nf6 5. Nc3 e5 6. Nxc6 bxc6 7. a3 Be7 8. Bc4 0-0 9. 0-0 Bb7 10. Bg5 Nxe4 11. Bxe7 Qxe7 12. Nxe4 d5 13. Nd2 dxc4 14. Nxc4 Ba6 15. Qe2 Qc5 16. b3 Bxc4 17. Qxc4 Qxc4 18. bxc4 Rfd8 19. Rfd1 Kf8 20. Kf1 Ke7 21. Ke2 Rxd1 22. Rxd1 Rd8 23. Rd3 Rxd3 24. cxd3 Kd6 25. Ke3 Kc5 26. Ke4 f6 27. h4 g6 28. g3 Kd6 29. f4 exf4 30. gxf4 Kc5 31. f5 a6 32. fxg6 0-1

[Event "HUN-chT2 Szechenyi 0910"]
[Site "Hungary"]
[Date "2009.05.02"]
[Round "11.5"]
[White "Tako, Annamaria"]
[Black "Preisz, Balazs"]
[Result "1/2-1/2"]
[WhiteElo "1947"]
[BlackElo "2076"]
[PlyCount "79"]
[EventDate "2009.11.08"]
[EventType "team-tourn"]
[EventRounds "11"]
[EventCountry "HUN"]
[SourceTitle "EXT 2011"]
[Source "ChessBase"]
[SourceDate "2010.11.26"]
[SourceVersion "1"]
[SourceVersionDate "2010.11.26"]
[SourceQuality "1"]
[WhiteTeam "Arboretum"]
[BlackTeam "Baki Agrocentrum"]
[WhiteTeamCountry "HUN"]
[BlackTeamCountry "HUN"]

1. e4 c5 2. Nf3 Nc6 3. d4 cxd4 4. Nxd4 Nf6 5. Nc3 e5 6. Ndb5 d6 7. Bg5 a6 8. Bxf6 gxf6 9. Na3 b5 10. Nd5 Bg7 11. Bd3 0-0 12. c3 Ne7 13. Ne3 Be6 14. Nac2 d5 15. exd5 Nxd5 16. Nxd5 Bxd5 17. Ne3 Be6 18. Qc2 h6 19. Rd1 Qa5 20. a3 Rac8 21. Bf5 Qb6 22. 0-0 Rfd8 23. Qe2 Rxd1 24. Rxd1 Rd8 25. Bxe6 Rxd1+ 26. Qxd1 fxe6 27. Qd7 f5 28. Nf1 Bf8 29. Qe8 Qd6 30. h3 f4 31. g3 Qe7 32. Qc6 Qd6 33. Qc8 Kg7 34. Qb7+ Be7 35. Kh2 Kf7 36. Qf3 Qd5 37. Qh5+ Kg7 38. Qg4+ Kh7 39. Qh5 Kg7 40. Qg4+ 1/2-1/2

[Event "HUN-chT2 Szechenyi 0809"]
[Site "Hungary"]
[Date "2008.10.26"]
[Round "1.9"]
[White "Bakos, Andrea"]
[Black "Preisz, Balazs"]
[Result "0-1"]
[WhiteElo "1889"]
[BlackElo "2090"]
[PlyCount "100"]
[EventDate "2008.10.26"]
[EventType "team-tourn"]
[EventRounds "11"]
[EventCountry "HUN"]
[SourceTitle "EXT 2010"]
[Source "ChessBase"]
[SourceDate "2010.11.25"]
[SourceVersion "1"]
[SourceVersionDate "2010.11.25"]
[SourceQuality "1"]
[WhiteTeam "Tapolca II"]
[BlackTeam "Baki Agrocentrum"]
[WhiteTeamCountry "HUN"]
[BlackTeamCountry "HUN"]

1. e4 c5 2. Nf3 Nc6 3. Bb5 g6 4. 0-0 Bg7 5. c3 Nf6 6. Re1 0-0 7. d4 Qb6 8. Bxc6 dxc6 9. dxc5 Qxc5 10. h3 Qb6 11. Qe2 Qc7 12. Bg5 h6 13. Bxf6 exf6 14. Nbd2 Re8 15. Qd3 Be6 16. Nd4 Bd7 17. Nf1 Rad8 18. Qc2 c5 19. Nf3 f5 20. Ng3 fxe4 21. Rxe4 Bc6 22. Rxe8+ Rxe8 23. Re1 Rxe1+ 24. Nxe1 Be5 25. Qd3 b5 26. Qe3 c4 27. Nc2 Bf4 28. Qe1 Qe5 29. Qxe5 Bxe5 30. Ne2 a5 31. Ned4 Bd7 32. Na3 Bxd4 33. cxd4 Kf8 34. Kf1 Ke7 35. Ke2 Kd6 36. Ke3 Kd5 37. g4 f5 38. gxf5 gxf5 39. Nc2 f4+ 40. Kxf4 Bxh3 41. a3 Bd7 42. f3 Be6 43. Kg3 Bf7 44. Ne3+ Kxd4 45. Nf5+ Kd3 46. Nd6 Bd5 47. Nxb5 Kc2 48. Nc3 Bxf3 49. Kxf3 Kxb2 50. Nd1+ Kxa3 0-1

[Event "HUN-chT2 Charousek 0304"]
[Site "Hungary"]
[Date "2003.10.05"]
[Round "2"]
[White "Holczl, Attila"]
[Black "Preisz, Balazs"]
[Result "1/2-1/2"]
[WhiteElo "2042"]
[BlackElo "2124"]
[PlyCount "23"]
[EventDate "2003.09.28"]
[EventType "team"]
[EventRounds "11"]
[EventCountry "HUN"]
[SourceTitle "EXT 2005"]
[Source "ChessBase"]
[SourceDate "2004.11.15"]
[SourceVersion "1"]
[SourceVersionDate "2004.11.15"]
[SourceQuality "1"]

1. d4 Nf6 2. Nf3 e6 3. Bg5 Be7 4. e3 c5 5. c3 b6 6. Bd3 Ba6 7. Ne5 Bxd3 8. Qxd3 0-0 9. f4 d6 10. Nf3 Nc6 11. Nbd2 Rc8 12. 0-0 1/2-1/2

[Event "Gyongyos Matra Cup"]
[Site "Gyongyos"]
[Date "2003.07.29"]
[Round "7"]
[White "Preisz, Balazs"]
[Black "Jankovics, Istvan"]
[Result "1-0"]
[WhiteElo "2138"]
[BlackElo "2016"]
[PlyCount "57"]
[EventDate "2003.07.22"]
[EventType "swiss"]
[EventRounds "9"]
[EventCountry "HUN"]
[SourceTitle "EXT 2005"]
[Source "ChessBase"]
[SourceDate "2004.11.15"]
[SourceVersion "1"]
[SourceVersionDate "2004.11.15"]
[SourceQuality "1"]

1. e4 d6 2. d4 Nf6 3. Nc3 g6 4. f3 Bg7 5. Be3 Nbd7 6. Qd2 c6 7. 0-0-0 Qc7 8. Nge2 e5 9. g4 h6 10. h4 exd4 11. Nxd4 Ne5 12. Be2 Bd7 13. Nb3 Bf8 14. Bd4 Rh7 15. Rhg1 g5 16. hxg5 hxg5 17. Be3 Rh2 18. Bxg5 Nxf3 19. Qf4 Nxg1 20. Rxg1 Rxe2 21. Bxf6 Bxg4 22. Qxg4 Rh2 23. Bh4 Qb6 24. Re1 Qb4 25. Qg3 Bh6+ 26. Kb1 Rxh4 27. Qxh4 Bg7 28. Rg1 Bf8 29. Qf6 1-0

[Event "HUN-chT2 0102"]
[Site "Hungary"]
[Date "2001.10.14"]
[Round "2"]
[White "Csaszar, Gyula"]
[Black "Preisz, Balazs"]
[Result "1-0"]
[WhiteElo "2103"]
[BlackElo "2149"]
[PlyCount "101"]
[EventDate "2001.??.??"]
[EventType "team"]
[EventRounds "11"]
[EventCountry "HUN"]
[SourceTitle "EXT 2004"]
[Source "ChessBase"]
[SourceDate "2003.11.25"]
[SourceVersion "1"]
[SourceVersionDate "2003.11.25"]
[SourceQuality "1"]

1. e4 c5 2. Nf3 Nc6 3. c3 d5 4. exd5 Qxd5 5. d4 Nf6 6. Be2 cxd4 7. cxd4 e6 8. Nc3 Qd6 9. Nb5 Qd8 10. 0-0 a6 11. Nc3 Be7 12. Bf4 0-0 13. Rc1 Nb4 14. h3 Nbd5 15. Bh2 b5 16. Ne5 Bd6 17. Bf3 Bb7 18. Re1 Rc8 19. Qd2 Rc7 20. a3 Qb8 21. Bg3 Rfc8 22. Ne4 Nxe4 23. Bxe4 f6 24. Nd3 Bxg3 25. fxg3 Rxc1 26. Nxc1 Qxg3 27. Nd3 Qd6 28. Nc5 Bc6 29. Nxe6 Ne7 30. Bb1 Bd5 31. Nf4 Bc4 32. b3 Bf7 33. h4 Ng6 34. Bf5 Re8 35. Rxe8+ Bxe8 36. Qe3 Qe7 37. Be6+ Kh8 38. Nd5 Qd8 39. h5 Ne7 40. Nf4 Bd7 41. d5 Qc8 42. g3 Bxe6 43. dxe6 Kg8 44. b4 Qc7 45. Qd4 Kf8 46. h6 Qc1+ 47. Kh2 Qc2+ 48. Kh3 Qc8 49. hxg7+ Kg8 50. Qxf6 Qe8 51. g4 1-0

[Event "HUN-chT2 Charousek 0001"]
[Site "Hungary"]
[Date "2001.02.25"]
[Round "7"]
[White "Preisz, Balazs"]
[Black "Szittar, Antal"]
[Result "0-1"]
[WhiteElo "2158"]
[BlackElo "2149"]
[PlyCount "66"]
[EventDate "2000.11.26"]
[EventType "team"]
[EventRounds "11"]
[EventCountry "HUN"]
[SourceTitle "EXT 2007"]
[Source "ChessBase"]
[SourceDate "2006.11.23"]
[SourceVersion "1"]
[SourceVersionDate "2006.11.23"]
[SourceQuality "1"]
[WhiteTeam "Csuti Hydro II"]
[BlackTeam "Keszthely"]
[WhiteTeamCountry "HUN"]
[BlackTeamCountry "HUN"]

1. e4 e6 2. d4 d5 3. Nc3 Nf6 4. Bg5 Bb4 5. e5 h6 6. Bxf6 gxf6 7. Nf3 c5 8. a3 Bxc3+ 9. bxc3 Nc6 10. exf6 Qxf6 11. Bb5 Bd7 12. Bxc6 Bxc6 13. Ne5 Bb5 14. Qd2 Rg8 15. g3 Qf5 16. 0-0-0 Rc8 17. f4 h5 18. c4 Ba4 19. Rhe1 cxd4 20. Re2 d3 21. Nxd3 Rxc4 22. Re5 Rxc2+ 23. Qxc2 Bxc2 24. Kxc2 Qh3 25. Rd2 Ke7 26. Rde2 Rc8+ 27. Kd2 Qf1 28. Ne1 h4 29. f5 Rc6 30. Rxd5 hxg3 31. Rd3 gxh2 32. Rxh2 Qf4+ 33. Re3 Qxh2+ 0-1

[Event "HUN-chT2 Charousek 0001"]
[Site "Hungary"]
[Date "2000.11.26"]
[Round "1"]
[White "Bodrogi, Mihaly"]
[Black "Preisz, Balazs"]
[Result "1-0"]
[WhiteElo "2185"]
[BlackElo "2158"]
[PlyCount "129"]
[EventDate "2000.11.26"]
[EventType "team"]
[EventRounds "11"]
[EventCountry "HUN"]
[SourceTitle "EXT 2007"]
[Source "ChessBase"]
[SourceDate "2006.11.23"]
[SourceVersion "1"]
[SourceVersionDate "2006.11.23"]
[SourceQuality "1"]
[WhiteTeam "Budapest EAC"]
[BlackTeam "Csuti Hydro II"]
[WhiteTeamCountry "HUN"]
[BlackTeamCountry "HUN"]

1. e4 c5 2. Nc3 Nc6 3. g3 g6 4. d3 e6 5. Bg2 Bg7 6. Be3 d6 7. Qd2 Nge7 8. Bh6 0-0 9. h4 f6 10. Bxg7 Kxg7 11. Nge2 Nd4 12. Nxd4 cxd4 13. Ne2 e5 14. c4 dxc3 15. Nxc3 Nc6 16. Ne2 Bg4 17. f3 Bd7 18. d4 Qa5 19. d5 Qxd2+ 20. Kxd2 Ne7 21. Rhc1 Rac8 22. Rxc8 Rxc8 23. Rc1 Rxc1 24. Kxc1 Nc8 25. Nc3 f5 26. Bf1 fxe4 27. fxe4 Kh6 28. Kd2 g5 29. hxg5+ Kxg5 30. Ke3 Kg4 31. Kf2 Kg5 32. Bb5 Bxb5 33. Nxb5 Kg4 34. Nc7 h5 35. Ne6 a5 36. Ng7 Ne7 37. Ne8 Nc8 38. a4 Kg5 39. Kg2 Kg4 40. b3 Kg5 41. Kh3 Kg6 42. Kh4 Kf7 43. Nc7 Kg6 44. Nb5 Kh6 45. Nc3 Nb6 46. Nd1 Nc8 47. Ne3 Kg6 48. Nc4 b6 49. g4 hxg4 50. Kxg4 Kf7 51. Kg5 Kg7 52. Ne3 Ne7 53. Nc4 Nc8 54. Kh5 Kh7 55. Ne3 Ne7 56. Kg5 Kg7 57. Ng4 Nc8 58. Kf5 Kf7 59. Nh6+ Ke7 60. Kg6 Na7 61. Nf5+ Kd7 62. Kf7 b5 63. Ne3 bxa4 64. bxa4 Nc8 65. Nc4 1-0